00535nam a2200181 a 45000010010000000030011000100080041000210350026000620820013000881000018001012450040001192600039001596500019001989420012002179520089002299980020003189990015003380000-8964ELIB.Books110520 1942  a(ELIB.Books)0000-9113 a248 bHe aHeard, Gerald aTraining for the Life of the Spirit bNew York: Harper & Brothers c1942 aChristian Life 2ddccBK 00102ddc4070aKBTSbKBTSd2011-05-20l0p460r2022-01-22 00:00:00w2022-01-22yBK cbate2011-05-20 c8964d8964